Assessing the Influence of Public Health on Population Welfare: A Focus on Developing Countries
Rozbor vplyvu politík verejného zdravia na blahobyt obyvateľstva pomocou panelových údajov z rozvojových krajín v období rokov 2000 až 2021. Výsledky naznačujú silnú pozitívnu a dlhodobú koreláciu medzi verejným zdravím a blahobytom obyvateľstva. Výskum zistil, že dlhodobo vyššie výdavky na verejné...
Na minha lista:
| Autor principal: | |
|---|---|
| Formato: | Capítulo de Livro |
| Idioma: | inglês |
| Assuntos: | |
| Tags: |
Sem tags, seja o primeiro a adicionar uma tag!
|
MARC
| LEADER | 00000naa a2200000 4500 | ||
|---|---|---|---|
| 001 | 0308765 | ||
| 005 | 20250528123939.5 | ||
| 041 | 0 | |a eng | |
| 044 | |a TH | ||
| 245 | 1 | 0 | |a Assessing the Influence of Public Health on Population Welfare: A Focus on Developing Countries |c Róbert Mészáros |
| 520 | |a Rozbor vplyvu politík verejného zdravia na blahobyt obyvateľstva pomocou panelových údajov z rozvojových krajín v období rokov 2000 až 2021. Výsledky naznačujú silnú pozitívnu a dlhodobú koreláciu medzi verejným zdravím a blahobytom obyvateľstva. Výskum zistil, že dlhodobo vyššie výdavky na verejné zdravotníctvo hrajú významnú úlohu pri určovaní blahobytu obyvateľstva v rozvojových krajinách. Záver koncepcie je, že rast, poháňaný zlepšením zdravia pri rozvoji krajín je overený. | ||
| 610 | 2 | 0 | |a zdravie |
| 610 | 2 | 0 | |a zdravotníctvo |
| 610 | 2 | 0 | |a blahobyt |
| 610 | 2 | 0 | |a krajiny rozvojové |
| 610 | 2 | 0 | |a obyvateľstvo |
| 610 | 2 | 0 | |a rast hospodársky |
| 610 | 2 | 0 | |a rast hospodársky dlhodobý |
| 100 | 1 | |a Mészáros, Róbert, 1988- | |